LIBRARY & INFORMATION CENTRE, KCAET, TAVANUR

ONLINE PUBLIC ACCESS CATALOGUE (OPAC)

Agrotechnology for dryland farming (Record no. 13754)

MARC details
000 -LEADER
fixed length control field 00295nam a22001217a 4500
020 ## - INTERNATIONAL STANDARD BOOK NUMBER
ISBN 9788172337223
082 ## - DEWEY DECIMAL CLASSIFICATION NUMBER
Classification number 631.4072
Item number DHO/AG
100 ## - MAIN ENTRY--AUTHOR NAME
Personal name Dhopte,Arvind M
245 ## - TITLE STATEMENT
Title Agrotechnology for dryland farming
260 ## - PUBLICATION, DISTRIBUTION, ETC. (IMPRINT)
Place of publication Jodhpur
Name of publisher Scientific Publishers
Year of publication 2011
300 ## - PHYSICAL DESCRIPTION
Number of Pages 652 p
942 ## - ADDED ENTRY ELEMENTS (KOHA)
Koha item type Books
Holdings
Withdrawn status Lost status Damaged status Collection code Home library Current library Shelving location Date acquired Source of acquisition Cost, normal purchase price Full call number Accession Number Koha item type
      Non-fiction KAUAET KAUAET General Stacks 31/03/2012 IBPSS, New Delhi 1950.00 631.4072 DHO/AG 23403 Books
free website counter